Statistics for Summer Olympics Location Quiz

Click here to take the quiz!

General Stats

  • This quiz has been taken 36 times
  • The average score is 30 of 32

Answer Stats

YearAnswer% Correct
1896Athens
100%
2004Athens
100%
1944 (canceled)London
100%
2012London
100%
1908London
100%
1948London
100%
1900Paris
100%
1924Paris
100%
1964Tokyo
100%
2020 (postponed to 2021)Tokyo
100%
1940 (canceled)Tokyo/Helsinki
100%
2008Beijing
97%
1936Berlin
97%
1916 (canceled)Berlin
97%
1932Los Angeles
97%
1984Los Angeles
97%
1956Melbourne/Stockholm
97%
2016Rio de Janeiro
97%
1988Seoul
97%
1996Atlanta
94%
1972Munich
94%
2000Sydney
94%
1992Barcelona
91%
1980Moscow
91%
1960Rome
89%
1912Stockholm
89%
1952Helsinki
86%
1928Amsterdam
83%
1968Mexico City
83%
1976Montreal
83%
1904St. Louis
77%
1920Antwerp
74%

Score Distribution

Percentile by Number Answered

Percent of People with Each Score

Your Score History

You have not taken this quiz